000 00523nam a22002051c 4500
001 00091133491
008 051003s1993 gw a||| 000u eng d
020 _a0802114873
_90-8021-1487-3
041 _aeng
100 1 _aShukman, Harold
245 0 0 _aStalin's generals /
_ced. by Harold Shukman
264 _aNew York, NY :
_bGrove Press,
_c1993
300 _aXIX, 394 S. : Ill., Kt
650 0 _aGeneral
650 0 _aBiographie
651 0 _aSowjetunion
942 _cMG
040 _cRU-10907106
003 RU-10907106
999 _c4534
_d4534